Countries Bordering Two or More "C" Countries Quiz - Statistics

General Stats
  • This quiz has been taken 37 times
    17 since last reset
  • The average score is 8 of 10
Answer Stats
Answer % Correct
Laos
94%
Republic of the Congo
94%
Nigeria
88%
Vietnam
88%
Cameroon
81%
Central African Republic
75%
Panama
75%
Peru
75%
Sudan
75%
Chad
69%
No matching quizzes found
Score Distribution
Percent of People with Each Score
Percentile by Number Answered
Your Score History
You have not taken this quiz since the last reset